Countries of the World by Coastline - Statistics

General Stats
  • This quiz has been taken 77 times
  • The average score is 35 of 151
Answer Stats
Letter Coastline Answer % Correct
R 73,100 Russia
98%
C 137,000 Canada
96%
U 69,500 United States
96%
I 52,500 Indonesia
93%
D 48,800 Denmark
89%
A 34,100 Australia
85%
N 27,400 Norway
82%
J 15,500 Japan
80%
B 18,700 Brazil
78%
C 31,300 Chile
78%
F 12,200 France
78%
I 11,000 India
78%
P 17,300 Philippines
76%
C 16,800 China
75%
U 16,700 United Kingdom
75%
M 15,600 Mexico
69%
V 5,780 Vietnam
69%
V 5,480 Venezuela
67%
I 6,020 Italy
64%
A 5,910 Argentina
62%
N 10,300 New Zealand
60%
S 6,520 Sweden
60%
P 11,200 Papua New Guinea
58%
T 5,850 Turkey
56%
G 9,480 Greece
53%
M 5,440 Madagascar
51%
M 6,330 Myanmar
49%
F 4,190 Finland
45%
I 5,200 Iceland
45%
S 5,010 Spain
44%
M 5,270 Malaysia
42%
C 5,750 Cuba
40%
Y 2,540 Yemen
36%
O 2,290 Oman
35%
S 4,860 South Korea
35%
E 3,790 Egypt
33%
T 3,870 Thailand
31%
Q 543 Qatar
29%
F (M) 345 Federated States of Micronesia
27%
I 3,450 Ireland
27%
M 3,840 Mozambique
27%
P 3,380 Panama
27%
S 4,020 Saudi Arabia
27%
C 3,560 Colombia
25%
P 2,650 Peru
25%
S 3,070 South Africa
25%
V 2,270 Vanuatu
25%
J 27 Jordan
24%
M 7 Monaco
24%
S 4,500 Solomon Islands
24%
I 2,660 Iran
22%
N 20 Nauru
22%
U 2,900 Ukraine
22%
M 2,710 Morocco
20%
P 2,120 Portugal
18%
B 3,780 Bahamas
16%
B 18 Bosnia & Herzegovina
16%
E 1,420 Eritrea
16%
G 2,660 Germany
16%
S 2,440 Somalia
16%
B 3,150 Bangladesh
15%
C 2,730 Croatia
15%
F 2,610 Fiji
15%
H 1,470 Haiti
15%
H 1,510 Honduras
15%
K 824 Kenya
15%
T 1,910 Tanzania
15%
E 2,590 Ecuador
13%
K 1,170 Kiribati
13%
K 483 Kuwait
13%
N 2,140 North Korea
13%
T 78 Tuvalu
13%
A 1,200 Algeria
11%
A 1,890 Angola
11%
D 319 Djibouti
11%
D 1,290 Dominican Republic
11%
E 1,490 Estonia
11%
I 91 Iraq
11%
L 1,780 Libya
11%
N 2,190 Nigeria
11%
B 90 Barbados
9%
G 114 Grenada
9%
G 1,920 Guinea-Bissau
9%
J 641 Jamaica
9%
L 523 Latvia
9%
M 108 Malta
9%
N 1,510 Namibia
9%
N 1,360 Netherlands
9%
S 1,990 Sri Lanka
9%
T 50 Togo
9%
T 1,390 Tunisia
9%
U 868 Uruguay
9%
B 95 Belgium
7%
B 121 Benin
7%
D 128 Dominica
7%
E 495 Equatorial Guinea
7%
G 1,900 Gabon
7%
I 1,280 Ivory Coast
7%
P 1,450 Pakistan
7%
T 346 Tonga
7%
U 1,250 United Arab Emirates
7%
B 136 Bahrain
5%
C 343 Comoros
5%
C 1,450 Costa Rica
5%
D 211 Democratic Republic of the Congo
5%
E 702 East Timor
5%
G 590 Ghana
5%
L 606 Liberia
5%
L 216 Lithuania
5%
N 1,370 Nicaragua
5%
S 97 Singapore
5%
S 27 Slovenia
5%
S 107 St. Kitts & Nevis
5%
S 107 St. Lucia
5%
T 1,270 Taiwan
5%
A 178 Antigua & Barbuda
4%
C 795 Cambodia
4%
C 807 Cape Verde
4%
C 561 Cyprus
4%
E 457 El Salvador
4%
G 879 Guinea
4%
G 825 Guyana
4%
L 227 Lebanon
4%
M 1,010 Mauritania
4%
P 677 Poland
4%
R 469 Romania
4%
S 342 Samoa
4%
S 1,260 Senegal
4%
S 975 Sierra Leone
4%
S 735 Sudan
4%
S 608 Suriname
4%
T 513 Trinidad & Tobago
4%
B 785 Belize
2%
B 338 Bulgaria
2%
C 789 Cameroon
2%
G 497 Gambia
2%
G 405 Guatemala
2%
I 200 Israel
2%
M 519 Maldives
2%
M 406 Marshall Islands
2%
M 167 Montenegro
2%
P 275 Palau
2%
S 391 Seychelles
2%
S 135 St. Vincent & the Grenadines
2%
A 456 Albania
0%
B 185 Brunei
0%
G 308 Georgia
0%
M 250 Mauritius
0%
R 176 Republic of the Congo
0%
S 185 Sao Tome & Principie
0%
S 176 Syria
0%
No matching quizzes found
Score Distribution
Percent of People with Each Score
Percentile by Number Answered
Your Score History
You have not taken this quiz